| 000 | 00430cam a22001217a 4500 | ||
|---|---|---|---|
| 008 | 180718b1967 xxu||||| |||| 00| 0 eng d | ||
| 082 | _aY11x5452 T152 | ||
| 245 |
_aMadras interim plan : An Extract of proposals for land use and development _cBy Govt. of Tamil Nadu |
||
| 260 |
_aMadras _bGovt. of Tamil Nadu _c1967 |
||
| 300 | _a112p. | ||
| 650 | _aLand use -- Planning -- India -- Madras | ||
| 650 | _aCity planning -- India --Madras | ||
| 999 |
_c414028 _d414028 |
||